| 000 | 00431 a2200157 4500 | ||
|---|---|---|---|
| 020 | _a9789694073408 | ||
| 082 | _a181.07 | ||
| 090 |
_c3056 _d3056 |
||
| 100 | _aSharif, M. M. | ||
| 245 |
_aA History of Muslim Philosophy _cM. M.Sharif |
||
| 260 |
_aKarachi: , _bRoyal Book Company _c2007. |
||
| 300 |
_a xi, 787 p. _bVOL II _c24 cm. |
||
| 500 | _a Includes Index | ||
| 650 | _aA History of Muslim Philosophy | ||
| 942 |
_cBK _k181.07 SHA |
||
| 999 |
_c6973 _d6973 |
||